| 000 | 00478nam a22001937a 4500 | ||
|---|---|---|---|
| 003 | MPLRDC | ||
| 005 | 20220104202007.0 | ||
| 008 | 210129b ||||| |||| 00| 0 eng d | ||
| 020 | _a978-986-445-123-4 | ||
| 082 | _a868.71 XJS-2 | ||
| 100 | _a辛金顺 | ||
| 245 |
_a诗/画 对话 _c陈琳 绘画 |
||
| 250 | _aBOD一版 | ||
| 260 |
_a台湾 _b酿出版 _c2016 |
||
| 300 | _b平 | ||
| 520 | _a上架 2017-09-17。 | ||
| 650 | _a马华文学 | ||
| 942 |
_cBK _o868.71 XJS-2 |
||
| 999 |
_c67426 _d67416 |
||